• 首页
  • 本馆介绍
  • 公告通知
  • 最新文献
  • 馆藏检索
  • 电子资源
  • 读者导购
  • 参考咨询
  • 我的图书馆
  • 登录
  • 详细信息显示
  • 放入我的书架
  • 预约/预借图书
  • 作者相关作品
  • 分类相关作品
  • 丛书相关作品
  • 出版社相关作品

书目信息

  • 表格格式
  • 工作单格式
  • 卡片格式
题名:
抗体技术实验指南
    
 
作者: 哈洛 , 莱恩 D. , Lane David , Harlow Ed 编著 ;沈关心 , 龚非力 译 译
分册:  
出版信息: 北京   科学出版社  2002
页数: 295页
开本: 26cm
丛书名: 现代生物技术译丛
单 册:
中图分类: R392.2-33 , R392.2
科图分类:
主题词: 抗体--实验 , 抗体
电子资源:
ISBN: 7-03-007325-8
000 01329nam0 2200361 450
000 01312nam0 2200349 450
000 01240nam0 2200325 450
000 01203nam0 2200313 45
005 20070525133158.73
010    @a7-03-007325-8@b精装@dCNY39.00
100    @a20070419d2002 em y0chiy0120 ea
101 1  @achi@ceng
102    @aCN@b110000
105    @aa z 000yy
200 1  @a抗体技术实验指南@AKang Ti Ji Shu Shi Yan Zhi Nan@f(美)E.哈洛(Ed Harlow),(美)D.莱恩(David Lane)编著@F( Mei )E. Ha Luo (Ed Harlow),( Mei )D. Lai En (David Lane) Bian Zhu@g沈关心,龚非力等译
210    @a北京@c科学出版社@d2002
215    @a295页@c图@d26cm
225 2  @a现代生物技术译丛
330    @a本书简要阐述了抗体的理论,详细地介绍了抗体应用研究的新技术、新方法和新进展。全书分11章,包括抗体的分子结构与功能,抗原抗体相互作用的物质基础和特点等。
410  0 @12001 @a现代生物技术译丛
510 1  @aUsing Antibodies : A Laboratory Manual@zeng
606 0  @a抗体@x实验
606 0  @a抗体
690    @aR392.2-33@v4
690    @aR392.2@v3
701  1 @a哈洛@AHa Luo@bE.@4编著
701  1 @a莱恩 D.@ALai En D.@4编著
701  1 @aLane David@4编著
701  1 @aHarlow Ed@4编著
702  0 @a沈关心@AShen Guan Xin@4译
702  0 @a龚非力 译@AGong Fei Li Yi
801  0 @aCN@bTAOJIN@c20070525
905    @a10447@dR392.2@e155
    
    抗体技术实验指南/(美)E.哈洛(Ed Harlow),(美)D.莱恩(David Lane)编著/沈关心,龚非力等译.-北京:科学出版社,2002
    295页:图;26cm.-(现代生物技术译丛)
    
    
    ISBN 7-03-007325-8(精装):CNY39.00
    本书简要阐述了抗体的理论,详细地介绍了抗体应用研究的新技术、新方法和新进展。全书分11章,包括抗体的分子结构与功能,抗原抗体相互作用的物质基础和特点等。
●
相关链接 在E读中查询图书 在五车中查询图书 在当当中查询图书 在豆瓣中查询图书


正题名:抗体技术实验指南     索取号:R392.2/155         预约/预借

序号 登录号 条形码 馆藏地/架位号 状态 备注
1 0522636   205226361   第二样本阅览室/ [索取号:R392.2/155] 在馆    
2 0522637   205226370   第三借阅区/ [索取号:R392.2/155] 在馆    
唐山师范学院图书馆 欢迎您!
大连网信软件有限公司© 版权所有